Cambridge learner's dictionary (4th edition) (Record no. 78012)
[ view plain ]
| 000 -LEADER | |
|---|---|
| fixed length control field | 00759nam a2200157 a 4500 |
| 008 - FIXED-LENGTH DATA ELEMENTS--GENERAL INFORMATION | |
| fixed length control field | 201203s2012 ||||||||||||||||| || u |
| 020 ## - INTERNATIONAL STANDARD BOOK NUMBER | |
| International Standard Book Number | 9781107660151 |
| 050 ## - LIBRARY OF CONGRESS CALL NUMBER | |
| Classification number | GEN REF PE 1628 Cam |
| 245 00 - TITLE STATEMENT | |
| Title | Cambridge learner's dictionary (4th edition) |
| Statement of responsibility, etc. | By |
| 250 ## - EDITION STATEMENT | |
| Edition statement | 4th edition |
| 260 ## - PUBLICATION, DISTRIBUTION, ETC. | |
| Place of publication, distribution, etc. | Cambridge |
| Name of publisher, distributor, etc. | Cambridge University Press |
| Date of publication, distribution, etc. | 2012 |
| 300 ## - PHYSICAL DESCRIPTION | |
| Extent | xvii, 872 pages : illustrations |
| 650 ## - SUBJECT ADDED ENTRY--TOPICAL TERM | |
| Topical term or geographic name entry element | ENGLISH LANGUAGE |
| 995 ## - | |
| -- | MAIN LIBRARY OPEN ACCESS |
| -- | 35.16 |
| -- | 750496 |
| -- | CBU-MAIN LIBRARY (Kitwe) |
| -- | GEN REF PE 1628 Cam |
| -- | 2 |
| -- | AVAILABLE |
| -- | Dec 8, 2020 |
| -- | 750496 |
| -- | Main Library Open Access Collection |
| 995 ## - | |
| -- | MAIN LIBRARY OPEN ACCESS |
| -- | 35.16 |
| -- | 750495 |
| -- | CBU-MAIN LIBRARY (Kitwe) |
| -- | GEN REF PE 1628 Cam |
| -- | 1 |
| -- | AVAILABLE |
| -- | Dec 8, 2020 |
| -- | 750495 |
| -- | Main Library Open Access Collection |
| 999 ## - | |
| -- | 78012 |
| -- | 78012 |
| Withdrawn status | Lost status | Source of classification or shelving scheme | Damaged status | Not for loan | Permanent Location | Current Location | Shelving location | Date acquired | Total Checkouts | Full call number | Barcode | Date last seen | Copy number | Price effective from | Koha item type |
|---|---|---|---|---|---|---|---|---|---|---|---|---|---|---|---|
| CBU-MAIN LIBRARY, KITWE. | CBU-MAIN LIBRARY, KITWE. | 05/03/2023 | GEN REF PE 1628 Cam | 750496 | 05/26/2026 | 1 | 05/03/2023 | REFERENCE COLLECTION | |||||||
| CBU-MAIN LIBRARY, KITWE. | CBU-MAIN LIBRARY, KITWE. | 05/03/2023 | GEN REF PE 1628 Cam | 750495 | 05/03/2023 | 2 | 05/03/2023 | REFERENCE COLLECTION |